000 00448nam a2200181Ia 4500
001 10363
005 20260306161826.0
008 260306t1969||||xx |||||||||||||| ||spa||
041 _aESP
082 _a921.4
_bF83
100 _aFreud, Sigmund
_eAUT
245 0 _aAutobiografía:
_bhistoria del movimiento psicoanalítico
260 _c1969
300 _a191 páginas :
_c18 cm.
650 _aGEN
654 _aCHU
942 _cLIB
_dJUS
_fJUS
_2ddc
_n
999 _c10363
_d10363